00210 a2200097 450000100060000002000180000608200120002410000170003624500340005326000250008779401 a9780393099683 a809 MEL aMelville, H. aConfidence-Man his masquerade bW.W.Norton & Company